000 00886nas a2200289 4500
001 BR2014002268
003 BR-BrBNA
005 20231205123909.0
007 ta
008 230509b bl.|||p| |||| 00| 00por d
040 _aBR-BrBNA
_bpor
_cBiblioteca Nacional de Agricultura
041 _a(Pt)
072 _aH20; F30
100 1 _aYokomizo, G.K.
100 1 _aDuarte, J.B.
100 1 _aVello, N.A.
100 1 _aUnfried, J.R.
245 1 _aAnálise AMMI da produtividade de grãos em linhagens de soja selecionadas para resistência à ferrugem asiática
650 _aSOJA
650 _aLINHAGEM
650 _aGENÓTIPO
650 _aFERRUGEM
650 _aPRODUTIVIDADE
773 0 _tPesquisa Agropecuária Brasileira (Brazil)
_xISSN 0100-204X
_g(Oct 2013), v. 48(10) p. 1376-1384
_wBR2014002268
909 _a202311
_bLúcia
_c55
_dLúcia Elande
942 _2AGRIS
_n0
_cANA
999 _c236262
_d236262